Joueurs de NBA avec le plus de paniers à 3 points - 2022-23 - Statistiques

Statistiques générales
  • Ce quiz a été pris 648 fois
  • Le résultat moyen est 22 sur 50
Statistiques - réponses
Equipe Paniers Réponse % Correct
Golden State Warriors 273 Stephen Curry
99%
Golden State Warriors 301 Klay Thompson
94%
Portland Trail Blazers 244 Damian Lillard
90%
Boston Celtics 240 Jason Tatum
89%
Dallas Mavericks 185 Luka Dončić
86%
Cleveland Cavaliers 245 Donovan Mitchell
83%
Dallas Mavericks 188 Kyrie Irving
72%
Minnesota Timberwolves 213 Anthony Edwards
70%
Philadelphia 76ers 161 James Harden
69%
Boston Celtics 163 Jaylen Brown
64%
Golden State Warriors 214 Jordan Poole
64%
Indiana Pacers 161 Tyrese Haliburton
64%
Denver Nuggets 172 Jamal Murray
63%
Sacramento Kings 206 Keegan Murray
63%
Miami Heat 203 Tyler Herro
59%
Chicago Bulls 204 Zach LaVine
59%
Atlanta Hawks 154 Trae Young
57%
New York Knicks 218 Julius Randle
56%
Indiana Pacers 288 Buddy Hield
54%
Los Angeles Lakers 194 D'Angelo Russell
54%
Houston Rockets 187 Jalen Green
54%
Los Angeles Clippers 158 Paul George
52%
New Orleans Pelicans 211 CJ McCollum
50%
Cleveland Cavaliers 169 Darius Garland
48%
Brooklyn Nets 169 Mikal Bridges
46%
Philadelphia 76ers 160 Tyrese Maxey
45%
Toronto Raptors 207 Fred VanVleet
42%
Memphis Grizzlies 166 Desmond Bane
40%
Utah Jazz 200 Lauri Markkanen
36%
Denver Nuggets 188 Michael Porter Jr
36%
Milwaukee Bucks 158 Jrue Holiday
35%
Washington Wizards 160 Kyle Kuzma
34%
Dallas Mavericks 212 Tim Hardaway Jr
31%
Portland Trail Blazers 212 Anfernee Simons
29%
Sacramento Kings 205 Kevin Huerter
28%
Charlotte Hornets 165 Terry Rozier
26%
Utah Jazz 155 Jordan Clarkson
24%
Brooklyn Nets 181 Spencer Dinwiddie
22%
Miami Heat 197 Max Strus
20%
Los Angeles Lakers 235 Malik Beasley
16%
New York Knicks 168 Immanuel Quickley
14%
New Orleans Pelicans 202 Trey Murphy
13%
Toronto Raptors 166 Gary Trent Jr
11%
Philadelphia 76ers 157 De'Anthony Melton
8%
Dallas Mavericks 151 Reggie Bullock
7%
Philadelphia 76ers 154 George Niang
6%
New York Knicks 157 Quentin Grimes
6%
Oklahoma City Thunder 161 Isaiah Joe
5%
Washington Wizards 163 Corey Kispert
3%
Brooklyn Nets 163 Royce O'Neale
3%
Aucun quiz correspondant
Distribution des résultats
% des personnes avec chaque résultat
Percentile par nombre de réponses
Votre historique - résultats
Vous n’avez pas pris ce quiz